Normal view MARC view
  • Peer, Basharat

Entry Personal Name

Number of records used in: 4

001 - CONTROL NUMBER

  • control field: 5489

003 - CONTROL NUMBER IDENTIFIER

  • control field: NUST

005 - DATE AND TIME OF LATEST TRANSACTION

  • control field: 20171017111208.0

008 - FIXED-LENGTH DATA ELEMENTS

  • fixed length control field: 171017|| aca||aabn | a|a d

040 ## - CATALOGING SOURCE

  • Original cataloging agency: NUST
  • Transcribing agency: NUST

100 ## - HEADING--PERSONAL NAME

  • Personal name: Peer, Basharat

670 ## - SOURCE DATA FOUND

  • Source citation: Work cat.: (NUST)0: Peer, Basharat, Curfewed night:, 2010
© 2023 Central Library, National University of Sciences and Technology. All Rights Reserved.